In The Woods Somewhere by Hozier - Lyric Quiz - Statistics

General Stats
  • This quiz has been taken 13 times
  • The average score is 112 of 174
Answer Stats
Answer % Correct
a
100%
A
100%
I
100%
me
100%
the
100%
The
100%
to
100%
To
100%
end
89%
fox
89%
he
89%
His
89%
his
89%
in
89%
it
89%
pain
89%
raised
89%
so
89%
somewhere
89%
stone
89%
was
89%
woods
89%
An
78%
be
78%
heard
78%
My
78%
my
78%
scream
78%
good
67%
have
67%
head
67%
How
67%
mind
67%
no
67%
prayed
67%
ran
67%
skin
67%
that
67%
were
67%
What
67%
When
67%
afraid
56%
and
56%
awoke
56%
black
56%
bone
56%
caused
56%
darkness
56%
didn't
56%
found
56%
hind
56%
hung
56%
lame
56%
legs
56%
life
56%
made
56%
moon
56%
name
56%
night
56%
noise
56%
save
56%
shook
56%
something
56%
sound
56%
warm
56%
weak
56%
wound?
56%
you
56%
your
56%
air
44%
awful
44%
broke
44%
called
44%
creature
44%
exposed
44%
fever
44%
filled
44%
hands
44%
large
44%
lunged
44%
myself
44%
quickly
44%
soaked
44%
spoke
44%
teeth?
44%
till
44%
trees
44%
turned
44%
voice
44%
with
44%
woman's
44%
words
44%
Dear
33%
empty
33%
eyes
33%
Into
33%
love
33%
of
33%
there
33%
watchin'
33%
as
22%
chase
22%
dearest
22%
done
22%
flew
22%
hums
22%
I'll
22%
I'm
22%
kept
22%
knew
22%
know
22%
not
22%
wished
22%
yet
22%
all
11%
bear
11%
clutched
11%
Forgot
11%
joining
11%
many
11%
prayers
11%
sure
11%
years?
11%
No matching quizzes found
Score Distribution
Percent of People with Each Score
Percentile by Number Answered
Your Score History
You have not taken this quiz